Steven Holl Architects 2004-2008
Gespeichert in:
| Format: | Buch |
|---|---|
| Sprache: | Spanisch Englisch |
| Veröffentlicht: |
Madrid :
El Croquis,
2008
|
| Schlagworte: | |
| Tags: |
Keine Tags, Fügen Sie das erste Tag hinzu!
|
MARC
| LEADER | 00000nam a22000003a 4500 | ||
|---|---|---|---|
| 001 | stu177413 | ||
| 005 | 20220412112324.1 | ||
| 008 | 081217s2008------------------------spa-d | ||
| 020 | |a 978-84-88386-50-2 | ||
| 040 | |a STU |b slo | ||
| 041 | 0 | |a spa |a eng | |
| 245 | |a Steven Holl Architects 2004-2008 | ||
| 260 | |a Madrid : |b El Croquis, |c 2008 | ||
| 300 | |a 246 s. | ||
| 500 | |a El Croquis 141 | ||
| 650 | 7 | |a Holl, Steven |2 estusub | |
| 650 | 7 | |a architekti americkí |2 stusub | |
| 996 | |b 284AU04198 |c A*6195 U |l AAKNST |s P |a 0 |w stu177413_0001 | ||